| 000 | 00643nam a2200205Ia 4500 | ||
|---|---|---|---|
| 003 | GCL | ||
| 008 | 140319s9999 xx 000 0 ara d | ||
| 040 |
_aGCL / _cGCL |
||
| 082 | 0 | 4 |
_a382 _bد ق |
| 100 | 1 | _aمصطفى عبدالمجيد | |
| 245 | 1 | 0 |
_aقصة التجارة الدولية / _cمصطفى عبدالمجيد |
| 700 | 1 | _aحسين كامل ابوالليف (مترجم) | |
| 700 | 1 | _aدين، فيليس | |
| 300 | _a64 ص | ||
| 490 |
_aالالف كتاب _v0 |
||
| 650 | 0 | 4 | _aالتجارة الخارجية |
| 650 | 0 | 4 | _aالتجارة الدولية |
| 650 | 0 | 4 | _aالاستيراد والتصدير |
| 942 |
_2ddc _cBK |
||
| 999 |
_c45749 _d45749 |
||